000 00964nam a2200229Ia 4500
999 _c38437
_d38437
001 4448
003 GE_BSU
005 20190514202823.0
008 181216s2002||||ge |||||||||||||| ||geo||
020 _a992861495
040 _cGE_BSU
041 _ageo
080 _a004.738.5 მ–52
100 _aმეკქინონი, მერი
_91160
245 _aინტერნეტის სახელმძღვანელო /
_c მერი მეკქინონი; ბენ. დინი; ქართ. გამ–ის რედ : ვასილ ხაჩიძე ;
264 _aთბილისი,
_c2002.
300 _a128 გვ.;
_bილ ;
_c25 სმ.
653 _aინტერნეტის სახელმძღვანელო
700 _aდინი, ბენ
_91161
700 _a ხაჩიძე, ვასილ
_eქართ. გამ–ის რედაქტორი
_91162
942 _cBK
_2udc